000
00313nam a2200145Ia 4500
003
OSt
005
20240207165627.0
008
170524s9999 xx 000 0 und d
020
_a
0071067825
040
_c
iimt
100
_a
Harrel-T. W.
245
0
_a
Industrial Psychology
260
_b
Oxford
942
_2
ddc
_c
02
999
_c
6186
_d
6186